| 000 | 00880nam a2200241 i 4500 | ||
|---|---|---|---|
| 001 | bg | ||
| 100 | 1 | _aKłos, Sławomir. | |
| 245 | 1 | 0 |
_aMetody wdrażania technologii informatycznych w przedsiębiorstwach sektora MSP / _cSławomir Kłos, Waldemar Woźniak, Justyna Patalas. |
| 260 |
_aZielona Góra : _bOficyna Wydawnicza Uniwersytetu Zielonogórskiego, _c2008. |
||
| 300 |
_a32 s. : _bil. ; _c24 cm. |
||
| 650 | 9 |
_aSystemy informatyczne zarządzania _xstosowanie _xgospodarka |
|
| 650 | 9 |
_aPrzedsiębiorstwa małe i średnie _xkomputeryzacja _zPolska _yod 2001 r. |
|
| 700 | 1 | _aWoźniak, Waldemar. | |
| 700 | 1 | _aPatalas, Justyna. | |
| 020 | _a9788374812023 | ||
| 040 | _cBPK | ||
| 041 | _apol | ||
| 044 | _aPOL | ||
| 080 | _a004:658.114-022.51:658.114-022.55](438)"2001/..." | ||
| 920 | _a978-83-7481-202-3 | ||
| 942 | _cKS | ||
| 008 | 090817s2008 pl a f |000 0 pol | ||
| 999 |
_c56663 _d56663 |
||
| 856 |
_uhttp://koha.tu.koszalin.pl/cgi-bin/koha/opac-detail.pl?biblionumber=56663 _yKatalog online BPK |
||